[Event "Pontevedra op-B 10th"]
[Site "Pontevedra"]
[Date "2022.07.26"]
[Round "4.3"]
[White "Pousada Garcia, Daniel"]
[Black "Herrera Saavedra, Andre"]
[Result "1/2-1/2"]
[WhiteElo "1932"]
[BlackElo "1567"]
[PlyCount "92"]
[EventDate "2022.07.24"]
[EventType "swiss"]
[EventRounds "9"]
[EventCountry "ESP"]
[SourceTitle "EXT 2023"]
[Source "ChessBase"]
[SourceDate "2022.10.05"]
[SourceVersion "1"]
[SourceVersionDate "2022.10.05"]
[SourceQuality "1"]

1. e4 e5 2. Nf3 Nc6 3. Bc4 Nf6 4. d4 Nxe4 5. dxe5 d5 6. Bxd5 Nc5 7. 0-0 Be7 8. Nc3 Bg4 9. Re1 Nb4 10. a3 Nxd5 11. Qxd5 c6 12. Qxd8+ Rxd8 13. Ng5 h6 14. Nge4 Nxe4 15. Rxe4 Bf5 16. Re2 0-0 17. Be3 b6 18. Kf1 f6 19. Ke1 fxe5 20. Rd1 Rxd1+ 21. Kxd1 Rd8+ 22. Rd2 Kf7 23. Rxd8 Bxd8 24. Kd2 Ke6 25. Ne2 Bf6 26. c3 Kd5 27. Ng3 Bg6 28. b3 Be7 29. c4+ Ke6 30. b4 a5 31. Bxb6 axb4 32. axb4 Bxb4+ 33. Ke3 Kd6 34. Ne4+ Bxe4 35. Kxe4 Bc5 36. Ba5 Bxf2 37. Bc3 Kc5 38. Bxe5 Kxc4 39. Bxg7 h5 40. g3 c5 41. Kf5 Bd4 42. Bf8 Kd3 43. Bxc5 Bxc5 44. Kg5 Bg1 45. h3 Bf2 46. Kxh5 Bxg3 1/2-1/2

[Event "Pontevedra op-B 10th"]
[Site "Pontevedra"]
[Date "2022.07.25"]
[Round "3.5"]
[White "Herrera Saavedra, Andre"]
[Black "Tribushnaya, Olga"]
[Result "1-0"]
[WhiteElo "1567"]
[BlackElo "1766"]
[PlyCount "37"]
[EventDate "2022.07.24"]
[EventType "swiss"]
[EventRounds "9"]
[EventCountry "ESP"]
[SourceTitle "EXT 2023"]
[Source "ChessBase"]
[SourceDate "2022.10.05"]
[SourceVersion "1"]
[SourceVersionDate "2022.10.05"]
[SourceQuality "1"]

1. d4 d5 2. Bf4 Nf6 3. Nf3 e6 4. e3 c6 5. Nbd2 Bd6 6. Bg3 0-0 7. Ne5 g6 8. Be2 Kg7 9. h4 h5 10. Bf4 Rh8 11. g4 Qd7 12. Bg5 Qc7 13. f4 Nbd7 14. Rg1 hxg4 15. Bxg4 Nh7 16. Bh6+ Kg8 17. Nxg6 Nhf6 18. Nxh8 Kxh8 19. Bh5 1-0

[Event "Galicia-ch U18"]
[Site "Padron"]
[Date "2022.02.26"]
[Round "1"]
[White "Fernandez Lopez, Ruben"]
[Black "Herrera Saavedra, Andre"]
[Result "1-0"]
[WhiteElo "2235"]
[BlackElo "1533"]
[PlyCount "41"]
[EventDate "2022.02.26"]
[EventType "swiss"]
[EventRounds "8"]
[EventCountry "ESP"]
[SourceTitle "EXT 2023"]
[Source "ChessBase"]
[SourceDate "2022.10.05"]
[SourceVersion "1"]
[SourceVersionDate "2022.10.05"]
[SourceQuality "1"]

1. Nf3 g6 2. e4 Bg7 3. d4 d6 4. Nc3 Bg4 5. Be3 Nd7 6. h3 Bxf3 7. Qxf3 c5 8. Bc4 e6 9. dxc5 dxc5 10. 0-0-0 Qe7 11. Bb5 Rd8 12. Rxd7 Rxd7 13. Rd1 Nf6 14. Bg5 Bh6 15. Bxd7+ Nxd7 16. Bxh6 f6 17. Nb5 Ne5 18. Nd6+ Qxd6 19. Qxf6 Rf8 20. Bxf8 Qxf8 21. Rd8# 1-0